01030namaa22002171 4500001000700000003000900007005001700016008004100033080001500074080001500089100004500104245009300149260010200242300004600344490009100390650003200481651003700513710007600550830009100626852009500717174176ES-MaACL20250815105808.0100301s1934 sp ab |||| ||spa d a551.4(460) a551.7(460)1 aHernández-Pacheco, Eduardo,d1872-196510aSíntesis fisiográfica y geológica de España / cpor Eduardo Hernández-Pacheco. aMadrid : bJunta para Ampliación de Estudios e Investigaciones Científicas,c1932 [i.e. 1934] a2 v. (584 p.) : blám., map. ; c24 cm.1 aTrabajos del Museo Nacional de Ciencias Naturales. Serie Geológica ;vv. 38, 2 fasc. 4aEstratigrafía-zEspaña. 4aEspaña-xGeografía física.2 aJunta para la Ampliación de Estudios e Investigaciones Científicas.00aTrabajos del Museo Nacional de Ciencias Naturales. pSerie geológicavv. 38, 2 fasc. aES-MaACLjB-13133 q.- Ejemplar incompleto, solo el primer fascículo hasta la pág. 258